000 01052nam a2200325 a 4500
001 1178375
003 OSt
005 20140310181802.0
008 970116s1996 ph a bd f001 0 eng
010 _a 96946185
020 _a9789715420822
040 _aDLC
_cDLC
042 _alcode
043 _aa-ph---
050 0 0 _aLB 45
_b.K56 1996
082 0 0 _aREF 370.192
_bK62 1996
100 _aKintamar, Thelma B.
245 0 4 _aThe University of the Philippines cultural dictionary for Filipinos
_cKintanar, Thelma B.
246 3 0 _aCultural dictionary for Filipinos
246 1 8 _aU.P. cultural dictionary for Filipinos
260 _aQuezon City, Philippines :
_bUniversity of the Philippines Press,
_bAnvil Pub.
_cc1996.
300 _axxi, 1022 p. :
_bill. ;
_c26 cm.
650 0 _aEncyclopedias and dictionaries.
651 0 _aPhilippines
_xDictionaries.
700 1 _aKintanar, Thelma B.
906 _a7
_bcbc
_corigode
_d2
_encip
_f19
_gy-gencatlg
942 _2lcc
_cBK
999 _c3629
_d3629